Community forestry management in phnom chunhcheang commune, preahneth preah district, bantteay meanchey province, ការគ្រប់គ្រងសហគមន៍ព្រៃឈើភ្នំជញ្ជាំង ឃុំជប់វារី ស្រុកព្រះនេត្រព្រះ ខេត្តបន្ទាយមានជ័យ (Record no. 4337)
[ view plain ]
| 000 -LEADER | |
|---|---|
| fixed length control field | 00721nam a22001577a 4500 |
| 003 - CONTROL NUMBER IDENTIFIER | |
| control field | OSt |
| 005 - DATE AND TIME OF LATEST TRANSACTION | |
| control field | 20151210114224.0 |
| 008 - FIXED-LENGTH DATA ELEMENTS--GENERAL INFORMATION | |
| fixed length control field | 151210b xxu||||| |||| 00| 0 eng d |
| 040 ## - CATALOGING SOURCE | |
| Transcribing agency | RUA |
| 082 ## - DEWEY DECIMAL CLASSIFICATION NUMBER | |
| Classification number | ATM PHE 2004 B205 Or.1 |
| 100 ## - MAIN ENTRY--PERSONAL NAME | |
| 9 (RLIN) | 4654 |
| Personal name | PHET, PHAYNONG |
| 245 ## - TITLE STATEMENT | |
| Title | Community forestry management in phnom chunhcheang commune, preahneth preah district, bantteay meanchey province, ការគ្រប់គ្រងសហគមន៍ព្រៃឈើភ្នំជញ្ជាំង ឃុំជប់វារី ស្រុកព្រះនេត្រព្រះ ខេត្តបន្ទាយមានជ័យ |
| 260 ## - PUBLICATION, DISTRIBUTION, ETC. (IMPRINT) | |
| Place of publication, distribution, etc. | Phnom Penh |
| Name of publisher, distributor, etc. | RUA |
| Date of publication, distribution, etc. | 2004 |
| 300 ## - PHYSICAL DESCRIPTION | |
| Extent | x, 64p. |
| Other physical details | ill. |
| Dimensions | 29cm. |
| 942 ## - ADDED ENTRY ELEMENTS (KOHA) | |
| Source of classification or shelving scheme | |
| Koha item type | ATM |
| Price effective from | Date last seen | Permanent Location | Not for loan | Date acquired | Source of classification or shelving scheme | Koha item type | Lost status | Withdrawn status | Total Renewals | Date last checked out | Total Checkouts | Damaged status | Barcode | Current Location | Full call number |
|---|---|---|---|---|---|---|---|---|---|---|---|---|---|---|---|
| 2015-12-10 | 2015-12-10 | Library Block B | 2015-12-10 | ATM | RUA017642 | Library Block B | ATM PHE 2004 B205 Or.1 | ||||||||
| 2015-12-10 | 2015-12-10 | Library Block B | 2015-12-10 | ATM | RUA009750 | Library Block B | ATM PHE 2004 B205 Or.2 | ||||||||
| 2015-12-10 | 2015-12-10 | Library Block B | 2015-12-10 | ATM | RUA009744 | Library Block B | ATM PHE 2004 B205 Or.3 | ||||||||
| 2015-12-10 | 2023-02-24 | Library Block B | 2015-12-10 | ATM | 1 | 2023-01-18 | 2 | RUA033447 | Library Block B | ATM PHE 2004 B205 Or.4 | |||||
| 2015-12-10 | 2015-12-10 | Library Block B | 2015-12-10 | ATM | RUA033631 | Library Block B | ATM PHE 2004 B205 Or.5 | ||||||||
| 2015-12-10 | 2015-12-10 | Library Block B | 2015-12-10 | ATM | RUA033549 | Library Block B | ATM PHE 2004 B205 Or.6 | ||||||||
| 2015-12-10 | 2015-12-10 | Library Block B | 2015-12-10 | ATM | RUA033912 | Library Block B | ATM PHE 2004 B205 Or.7 |